Sistema internazionale di unità di misura - Statistics

Statistiche generali
  • Questo quiz è stato fatto 35 volte
  • Il punteggio medio è 5 su 7
Statistiche sulle risposte
Grandezza base Unità di misura % Corretto
Lunghezza Metro
97%
Intervallo di tempo Secondo
85%
Intensità di corrente Ampere
82%
Massa Chilogrammo
79%
Temperatura assoluta Kelvin
64%
Quantità di sostanza Mole
64%
Intensità luminosa Candela
48%
Nessun quiz corrispondente trovato
Distribuzione punteggi
Percentuale di utenti per punteggio
Percentile per numero di risposta
I tuoi punteggi nel tempo
Non hai fatto questo quiz